| 000 | 00874nam a22002177a 4500 | ||
|---|---|---|---|
| 999 |
_c17191 _d17191 |
||
| 003 | AR-CdUCM | ||
| 008 | 190226b ||||| |||| 00| 0 spa d | ||
| 040 |
_aMUNICIPALIDAD PROVINCIAL DEL CUSCO _cBIBLIOTECA MUNICIPAL DEL CUSCO |
||
| 082 |
_25ed. _a370.11 / _bC73 |
||
| 100 |
_aComas, Margarita _94747 |
||
| 245 | _aEl Metodo de Proyectos en las Escuelas Urbanas / | ||
| 260 |
_aBuenos Aires: _bLosada S.A. , _c1963. |
||
| 300 |
_a173 paginas : _c19 cm. |
||
| 440 |
_aLa escuela activa _n14 _93341 |
||
| 505 | _aContenido :Proyecto complejo para alumnos de la primera sección -- Proyecto complejo para niños de la ultima sección --Proyecto centrado alrededor de la clase de labores --Otros proyectos / | ||
| 650 |
_aUrbanismo. _94748 |
||
| 650 |
_aEscuelas Urbanas. _94749 |
||
| 650 |
_aProyectos y Escuelas. _94750 |
||
| 942 |
_2ddc _cLIBROS |
||
| 945 |
_arjall _d2019-05-07 |
||